<?xml version="1.0" encoding="UTF-8"?><?xml-stylesheet type="text/xsl" href="static/style.xsl"?><OAI-PMH xmlns="http://www.openarchives.org/OAI/2.0/" xmlns:xsi="http://www.w3.org/2001/XMLSchema-instance" xsi:schemaLocation="http://www.openarchives.org/OAI/2.0/ http://www.openarchives.org/OAI/2.0/OAI-PMH.xsd"><responseDate>2026-04-17T20:31:10Z</responseDate><request verb="GetRecord" identifier="oai:www.recercat.cat:20.500.12327/1879" metadataPrefix="marc">https://recercat.cat/oai/request</request><GetRecord><record><header><identifier>oai:recercat.cat:20.500.12327/1879</identifier><datestamp>2025-10-22T11:15:13Z</datestamp><setSpec>com_2072_4428</setSpec><setSpec>com_2072_4427</setSpec><setSpec>col_2072_487898</setSpec></header><metadata><record xmlns="http://www.loc.gov/MARC21/slim" xmlns:dcterms="http://purl.org/dc/terms/" xmlns:xsi="http://www.w3.org/2001/XMLSchema-instance" xmlns:doc="http://www.lyncode.com/xoai" xsi:schemaLocation="http://www.loc.gov/MARC21/slim http://www.loc.gov/standards/marcxml/schema/MARC21slim.xsd">
   <leader>00925njm 22002777a 4500</leader>
   <datafield ind2=" " ind1=" " tag="042">
      <subfield code="a">dc</subfield>
   </datafield>
   <datafield ind2=" " ind1=" " tag="720">
      <subfield code="a">Ibarra-Zatarain, Z.</subfield>
      <subfield code="e">author</subfield>
   </datafield>
   <datafield ind2=" " ind1=" " tag="720">
      <subfield code="a">Fatsini, E.</subfield>
      <subfield code="e">author</subfield>
   </datafield>
   <datafield ind2=" " ind1=" " tag="720">
      <subfield code="a">Rey, S.</subfield>
      <subfield code="e">author</subfield>
   </datafield>
   <datafield ind2=" " ind1=" " tag="720">
      <subfield code="a">Chereguini, O.</subfield>
      <subfield code="e">author</subfield>
   </datafield>
   <datafield ind2=" " ind1=" " tag="720">
      <subfield code="a">Martin, I.</subfield>
      <subfield code="e">author</subfield>
   </datafield>
   <datafield ind2=" " ind1=" " tag="720">
      <subfield code="a">Rasines, I.</subfield>
      <subfield code="e">author</subfield>
   </datafield>
   <datafield ind2=" " ind1=" " tag="720">
      <subfield code="a">Alcaraz, C.</subfield>
      <subfield code="e">author</subfield>
   </datafield>
   <datafield ind2=" " ind1=" " tag="720">
      <subfield code="a">Duncan, N.</subfield>
      <subfield code="e">author</subfield>
   </datafield>
   <datafield ind2=" " ind1=" " tag="260">
      <subfield code="c">2016-11-01</subfield>
   </datafield>
   <datafield ind2=" " ind1=" " tag="520">
      <subfield code="a">The aim of this work was to characterize stress coping styles of Senegalese sole (Solea senegalensis) juveniles and breeders and to select an operational behavioural screening test (OBST) that can be used by the aquaculture industry to classify and select between behavioural phenotypes in order to improve&#xd;
production indicators. A total of 61 juveniles and 59 breeders were subjected to five individual behavioural tests and two grouping tests. At the end of the individual tests, all animals were blood sampled in order to measure cortisol, glucose and lactate. Three tests (restraining, new environment and confinement) characterized the stress coping style behaviour of Senegalese sole juveniles and breeders and demonstrated interindividual consistency. Further, the tests when incorporated into a principal components analysis (PCA) (i) identified two principal axes of personality traits: ‘fearfulness-reactivity’&#xd;
and ‘activity-exploration’, (ii) were representative of the physiological axis of stress coping style, and (iii) were validated by established group tests. This study proposed for the first time three individual coping style tests that reliably represented proactive and reactive personalities of Senegalese sole juveniles and breeders. In addition, the three proposed tests met some basic operational criteria (rapid testing, no special equipment and easy to apply and interpret) that could prove attractive for fish farmers to identify fish with a specific behaviour that gives advantages in the culture system and that could be used to establish selection-based breeding programmes to improve domestication and production.</subfield>
   </datafield>
   <datafield ind1="8" ind2=" " tag="024">
      <subfield code="a">Ibarra-Zatarain, Z.,  E. Fatsini, S. Rey, O. Chereguini, I. Martin, I. Rasines, C. Alcaraz and N. Duncan. 2016. " Characterization of stress coping style in Senegalese sole (Solea senegalensis) juveniles and breeders for aquaculture”. Royal Society Open Science 3. doi:10.1098/rsos.160495.</subfield>
   </datafield>
   <datafield ind1="8" ind2=" " tag="024">
      <subfield code="a">2054-5703</subfield>
   </datafield>
   <datafield ind1="8" ind2=" " tag="024">
      <subfield code="a">http://hdl.handle.net/20.500.12327/1879</subfield>
   </datafield>
   <datafield ind1="8" ind2=" " tag="024">
      <subfield code="a">https://doi.org/10.1098/rsos.160495</subfield>
   </datafield>
   <datafield ind2="0" ind1="0" tag="245">
      <subfield code="a">Characterization of stress coping style in Senegalese sole (Soleasenegalensis) juveniles and breeders for aquaculture</subfield>
   </datafield>
</record></metadata></record></GetRecord></OAI-PMH>